L'Estatut de Catalunya : XVI Setmana d'Estudis Socials XVI Setmana d'Estudis Socials
Descripción Física:
79 p. ; 24 cm
Colección:
Quaderns d'estudis socials ; 1
Materias:
Catalunya. -- Estatut d'autonomia (1979)
MARC
| LEADER | 00000nam a2200000Ia 4500 | ||
|---|---|---|---|
| 001 | 2273 | ||
| 008 | 160829s1980 xx 000 0 cat d | ||
| 080 | |a D-1-27 | ||
| 100 | |a Setmana d'Estudis Socials (16a : 1980 : Barcelona) |9 23571 | ||
| 245 | |a L'Estatut de Catalunya : |b XVI Setmana d'Estudis Socials | ||
| 260 | |a Barcelona : |b Institut de Ciències Socials de la Diputació de Barcelona, |c 1980 | ||
| 300 | |a 79 p. ; |c 24 cm | ||
| 490 | |a Quaderns d'estudis socials ; 1 | ||
| 610 | 1 | 0 | |a Catalunya. |t Estatut d'autonomia (1979) |9 8277 |
| 710 | 2 | |9 54509 |a Institut de Ciències Socials (Barcelona, Catalunya) | |
| 901 | |a Arxiu | ||
| 942 | |n 1 |2 udc | ||
| 952 | |0 0 |1 0 |4 0 |6 D127 |7 1 |9 42759 |a Arxiu |b Arxiu |d 2016-12-01 |l 0 |o D-1-27 |p 2273 |r 2016-12-01 00:00:00 |w 2016-12-01 |y ARXIU | ||
| 999 | |c 45265 |d 45265 | ||